Pokemon - Toutes les attaques (1G - 9G) - Statistiques

Statistiques générales
  • Ce quiz a été pris 869 fois
    737 depuis la dernière actualisation
  • Le résultat moyen est 286 sur 934
Statistiques - réponses
Type de quiz Attaque % Correct
Normal Charge
91%
Vol Vol
87%
Normal Griffe
83%
Sol Séisme
82%
Électrik Éclair
81%
Eau Surf
78%
Électrik Tonnerre
78%
Psy Psyko
77%
Normal Abri
76%
Normal Coupe
75%
Feu Flammèche
75%
Feu Lance-Flammes
75%
Glace Laser Glace
74%
Ténèbres Morsure
74%
Spectre Ball'Ombre
73%
Normal Vive-Attaque
73%
Normal Force
71%
Normal Tranche
71%
Électrik Fatal-Foudre
70%
Eau Cascade
69%
Ténèbres Mâchouille
69%
Sol Tunnel
69%
Eau Hydrocanon
68%
Combat Close Combat
67%
Vol Mimique
67%
Eau Pistolet à O
67%
Feu Poing Feu
67%
Électrik Cage Éclair
66%
Normal Danse Lames
66%
Dragon Draco-Griffe
66%
Glace Poing Glace
66%
Normal Soin
66%
Glace Blizzard
65%
Normal Rugissement
65%
Dragon Draco-Météore
64%
Normal Explosion
64%
Électrik Poing Éclair
64%
Normal Ultralaser
64%
Plante Vampigraine
64%
Poison Toxik
63%
Vol Aéropique
62%
Feu Déflagration
62%
Vol Picpic
62%
Sol Abîme
61%
Eau Bulles d'O
61%
Eau Danse Pluie
61%
Psy Repos
61%
Roche Tempête de Sable
61%
Feu Zénith
61%
Eau Aqua-Jet
60%
Normal Combo-Griffe
60%
Plante Fouet Lianes
60%
Plante Méga-Sangsue
60%
Roche Piège de Roc
60%
Feu Crocs Feu
59%
Glace Crocs Givre
59%
Dragon Danse Draco
59%
Feu Feu Follet
59%
Plante Giga-Sangsue
59%
Roche Lame de Roc
59%
Plante Lance-Soleil
59%
Plante Poudre Dodo
59%
Plante Vole-Vie
59%
Électrik Crocs Éclair
58%
Acier Griffe Acier
58%
Normal Hurlement
58%
Acier Luminocanon
58%
Fée Pouvoir Lunaire
58%
Vol Atterrissage
57%
Poison Bombe Beurk
57%
Normal Destruction
57%
Électrik Électacle
57%
Plante Para-Spore
57%
Électrik Change-Éclair
56%
Glace Grêle
56%
Vol Piqué
56%
Acier Queue de Fer
56%
Feu Boutefeu
55%
Feu Danse Flammes
55%
Dragon Draco-Queue
55%
Dragon Draco-Souffle
55%
Roche Éboulement
55%
Combat Éclate-Roc
55%
Normal Giga Impact
55%
Glace Glaciation
55%
Plante Lame Feuille
55%
Psy Mur Lumière
55%
Sol Picots
55%
Psy Protection
55%
Roche Roulade
55%
Eau Siphon
55%
Plante Spore
55%
Plante Tranch'Herbe
55%
Eau Vibraqua
55%
Normal Armure
54%
Eau Ébullition
54%
Fée Éclat Magique
54%
Spectre Malédiction
54%
Eau Plongée
54%
Poison Poudre Toxik
54%
Plante Tempête Verte
54%
Dragon Colère
53%
Poison Dard-Venin
53%
Insecte Demi-Tour
53%
Dragon Draco-Charge
53%
Dragon Draco-Choc
53%
Dragon Draco-Rage
53%
Électrik Boule Élek
52%
Psy Choc Mental
52%
Eau Hydroblast
52%
Psy Hypnose
52%
Acier Mur de Fer
52%
Normal Plaquage
52%
Vol Rapace
52%
Insecte Sécrétion
52%
Acier Tête de Fer
52%
Vol Tornade
52%
Ténèbres Vibrobscur
52%
Normal Vitesse Extrême
52%
Vol Aéroblast
51%
Acier Ailes d'Acier
51%
Normal Damoclès
51%
Vol Draco-Ascension
51%
Spectre Griffe Ombre
51%
Feu Nitrocharge
51%
Combat Pied Voltige
51%
Glace Avalanche
50%
Plante Balle Graine
50%
Normal Bélier
50%
Insecte Bourdon
50%
Fée Câlinerie
50%
Combat Double Pied
50%
Normal Écras'Face
50%
Dragon Hurle-Temps
50%
Vol Lame d'Air
50%
Poison Pics Toxik
50%
Normal Puissance
50%
Insecte Toile
50%
Normal Trempette
50%
Vol Vent Violent
50%
Normal Vœu
50%
Combat Aurasphère
49%
Normal Blabla Dodo
49%
Normal Escalade
49%
Sol Jet de Sable
49%
Feu Roue de Feu
49%
Sol Telluriforce
49%
Sol Tir de Boue
49%
Roche Tomberoche
49%
Fée Vampibaiser
49%
Normal Flash
48%
Spectre Ombre Nocturne
48%
Vol Rebond
48%
Eau Écume
47%
Normal Attraction
46%
Psy Choc Psy
46%
Vol Cru-Ailes
46%
Plante Danse Fleurs
46%
Combat Détection
46%
Poison Détricanon
46%
Électrik Éclair Croix
46%
Électrik Éclair Fou
46%
Électrik Élecanon
46%
Combat Gonflette
46%
Combat Mach Punch
46%
Spectre Onde Folie
46%
Psy Plénitude
46%
Psy Rafale Psy
46%
Normal Retour
46%
Ténèbres Sabotage
46%
Roche Boule Roc
45%
Fée Charme
45%
Normal Clonage
45%
Normal Copie
45%
Glace Éclats Glace
45%
Combat Frappe Atlas
45%
Spectre Hantise
45%
Plante Martobois
45%
Normal Météores
45%
Spectre Ombre Portée
45%
Normal Reflet
45%
Dragon Spatio-Rift
45%
Ténèbres Tranche-Nuit
45%
Normal Triplattaque
45%
Combat Vampi-Poing
45%
Plante Végé-Attaque
45%
Poison Acide
44%
Feu Aire de Feu
44%
Psy Bouclier
44%
Glace Brume
44%
Ténèbres Coup Bas
44%
Normal Coup d'Main
44%
Poison Direct Toxik
44%
Feu Éruption
44%
Combat Exploforce
44%
Feu Flamme Croix
44%
Ténèbres Machination
44%
Insecte Papillodanse
44%
Spectre Poing Ombre
44%
Psy Psykoud'Boul
44%
Ténèbres Trou Noir
44%
Insecte Vampirisme
44%
Sol Ampleur
43%
Psy Dévorêve
43%
Psy Distorsion
43%
Plante Feuille Magik
43%
Feu Feu Sacré
43%
Normal Furie
43%
Sol Lame Pangéenne
43%
Normal Puissance Cachée
43%
Électrik Toile Élek
43%
Dragon Abattage
42%
Ténèbres Aboiement
42%
Eau Aire d'Eau
42%
Électrik Chargeur
42%
Normal Empal'Korne
42%
Normal Groz'Yeux
42%
Combat Lame Sainte
42%
Spectre Léchouille
42%
Eau Ocroupi
42%
Roche Pouvoir Antique
42%
Psy Téléport
42%
Normal Ultimawashi
42%
Glace Vent Glace
42%
Vol Anti-Brume
41%
Normal Ball'Météo
41%
Feu Ballon Brûlant
41%
Plante Canon Graine
41%
Sol Coud'Boue
41%
Normal Coup d'Boule
41%
Normal Croc Fatal
41%
Plante Éco-Sphère
41%
Électrik Étincelle
41%
Plante Feuillage
41%
Électrik Frotte-Frimousse
41%
Psy Hâte
41%
Normal Jugement
41%
Normal Métronome
41%
Dragon Ouragan
41%
Combat Pied Sauté
41%
Normal Tour Rapide
41%
Vol Vent Arrière
41%
Psy Voile Miroir
41%
Poison Acidarmure
40%
Vol Acrobatie
40%
Ténèbres Aiguisage
40%
Eau Anneau Hydro
40%
Insecte Appel Attaque
40%
Eau Aquatacle
40%
Normal Avale
40%
Normal Boul'Armure
40%
Normal Cognobidon
40%
Électrik Coup d'Jus
40%
Poison Cradovague
40%
Insecte Dard-Nuée
40%
Normal Guillotine
40%
Eau Hydro-Queue
40%
Combat Mitra-Poing
40%
Insecte Piqûre
40%
Plante Aire d'Herbe
39%
Insecte Appel Défense
39%
Sol Boue-Bombe
39%
Combat Casse-Brique
39%
Plante Champ Herbu
39%
Feu Coup Victoire
39%
Normal Danse Folle
39%
Feu Ébullilave
39%
Normal Étreinte
39%
Psy Frappe Psy
39%
Normal Mimi-Queue
39%
Normal Morphing
39%
Acier Poing Météore
39%
Normal Regard Noir
39%
Normal Relâche
39%
Combat Riposte
39%
Eau Sheauriken
39%
Feu Surchauffe
39%
Vol Bec Vrille
38%
Normal Berceuse
38%
Normal Brouhaha
38%
Psy Coupe Psycho
38%
Vol Danse Plumes
38%
Eau Eau Revoir
38%
Normal Écrasement
38%
Roche Fracass'Tête
38%
Eau Giclédo
38%
Normal Grincement
38%
Acier Gyroballe
38%
Roche Jet-Pierres
38%
Normal Lait à Boire
38%
Normal Ligotage
38%
Vol Mort'Ailes
38%
Sol Myria-Flèches
38%
Normal Patience
38%
Ténèbres Provoc
38%
Fée Rayon Lune
38%
Normal Regard Médusant
38%
Roche Roc-Boulet
38%
Acier Tacle Lourd
38%
Feu Canicule
37%
Poison Choc Venin
37%
Combat Coup Croix
37%
Ténèbres Dark Lariat
37%
Normal Exuviation
37%
Feu Feu Ensorcelé
37%
Sol Lance-Boue
37%
Spectre Lien du Destin
37%
Normal Mégaphone
37%
Plante Nœud Herbe
37%
Eau Onde Originelle
37%
Feu Pied Brûleur
37%
Combat Poing Karaté
37%
Feu Rafale Feu
37%
Normal Stockage
37%
Vol Tranch'Air
37%
Combat Triple Pied
37%
Normal Ultrason
37%
Glace Ball'Glace
36%
Normal Bluff
36%
Eau Coqui-Lame
36%
Normal Cyclone
36%
Feu Flamme Bleue
36%
Fée Géo-Contrôle
36%
Combat Lame Ointe
36%
Combat Marto-Poing
36%
Plante Pico-Défense
36%
Sol Piétisol
36%
Acier Pisto-Poing
36%
Plante Racines
36%
Normal Rengorgement
36%
Plante Synthèse
36%
Normal Vantardise
36%
Insecte Vent Argenté
36%
Fée Vent Féérique
36%
Eau Aria de l'Écume
35%
Normal Bang Sonique
35%
Normal Cadeau
35%
Feu Calcination
35%
Électrik Charge Foudre
35%
Combat Dynamo-Poing
35%
Psy Échange
35%
Glace Éclair Gelé
35%
Normal Éclate Griffe
35%
Feu Feu d'Enfer
35%
Plante Lame Solaire
35%
Ténèbres Larcin
35%
Électrik Onde de Choc
35%
Insecte Plaie Croix
35%
Eau Repli
35%
Spectre Revenant
35%
Normal Ronflement
35%
Eau Tir de Précision
35%
Eau Tourniquet
35%
Sol Tunnelier
35%
Normal Ultimapoing
35%
Feu Vortex Magma
35%
Psy Amnésie
34%
Roche Anti-Air
34%
Plante Aromathérapie
34%
Normal Aurore
34%
Combat Balayage
34%
Fée Champ Brumeux
34%
Électrik Champ Électrifié
34%
Normal Croc de Mort
34%
Poison Crochet Venin
34%
Poison Détritus
34%
Insecte Mégacorne
34%
Glace Poudreuse
34%
Poison Queue-Poison
34%
Insecte Taillade
34%
Insecte Toile Gluante
34%
Sol Tourbi-Sable
34%
Eau Aqua-Brèche
33%
Normal Bâillement
33%
Normal Boost
33%
Normal Constriction
33%
Normal Coup Double
33%
Normal Dernier Recours
33%
Fée Doux Baiser
33%
Normal Écho
33%
Normal E-Coque
33%
Plante Encornebois
33%
Normal Grondement
33%
Sol Myria-Vagues
33%
Glace Onde Boréale
33%
Roche Rayon Gemme
33%
Insecte Survinsecte
33%
Feu Tacle Feu
33%
Psy Tour de Magie
33%
Glace Triple Axel
33%
Psy Vœu Soin
33%
Glace Voile Aurore
33%
Vol Aéromax
32%
Normal Bombe Œuf
32%
Insecte Boule Pollen
32%
Spectre Cauchemar
32%
Sol Cavalerie Lourde
32%
Normal Chant Canon
32%
Glace Chute Glace
32%
Plante Cotogarde
32%
Feu Danse du Feu
32%
Dragon Draco-Flèches
32%
Glace Feu Glacé
32%
Normal Force Cachée
32%
Normal Frustration
32%
Normal Lilliput
32%
Glace Lyophilisation
32%
Plante Mégafouet
32%
Combat Onde Vide
32%
Plante Phytomixeur
32%
Psy Psycho-Boost
32%
Spectre Rayon Spectral
32%
Normal Relais
32%
Eau Saumure
32%
Glace Stalactite
32%
Psy Télékinésie
32%
Plante Tempête Florale
32%
Normal Vengeance
32%
Électrik Vol Magnétik
32%
Ténèbres À la Queue
31%
Insecte Appel Soins
31%
Glace Ère Glaciaire
31%
Normal Gribouille
31%
Normal Koud'Korne
31%
Normal Lutte
31%
Combat Poing Boost
31%
Plante Poing Dard
31%
Roche Poliroche
31%
Plante Siffl'Herbe
31%
Spectre Vent Mauvais
31%
Combat Balayette
30%
Glace Buée Noire
30%
Acier Change-Vitesse
30%
Feu Chant Flamboyant
30%
Normal Conversion
30%
Ténèbres Croco Larme
30%
Ténèbres Dernier Mot
30%
Dragon Double Baffe
30%
Normal Encore
30%
Insecte Escarmouche
30%
Normal Faux-Chage
30%
Eau Jet de Vapeur
30%
Psy Lumi-Éclat
30%
Vol Picore
30%
Normal Sonic Boom
30%
Acier Strido-Son
30%
Combat Surpuissance
30%
Psy Vibra Soin
30%
Ténèbres Baston
29%
Psy Champ Psychique
29%
Normal Coud'Krâne
29%
Normal Coupe-Vent
29%
Normal Paresse
29%
Normal Par Ici
29%
Eau Pince-Masse
29%
Normal Poing Comète
29%
Ténèbres Poing Obscur
29%
Psy Prescience
29%
Insecte Rayon Signal
29%
Normal Requiem
29%
Plante Spore Coton
29%
Psy Anti-Soin
28%
Combat Cogne
28%
Normal Effort
28%
Poison Enroulement
28%
Plante Fulmigraine
28%
Roche Laser Météore
28%
Sol Osmerang
28%
Normal Plumo-Queue
28%
Poison Poison Croix
28%
Électrik Rayon Chargé
28%
Fée Regard Touchant
28%
Spectre Tisse Ombre
28%
Normal Uppercut
28%
Normal Verrouillage
28%
Fée Voix Enjôleuse
28%
Psy Zone Étrange
28%
Psy Ball'Brume
27%
Normal Barrage
27%
Normal Brouillard
27%
Acier Choc Météore
27%
Vol Chute Libre
27%
Spectre Clepto-Mânes
27%
Combat Contre
27%
Normal Conversion 2
27%
Glace Cryo-Pirouette
27%
Ténèbres Dégommage
27%
Spectre Dépit
27%
Ténèbres Embargo
27%
Spectre Étonnement
27%
Psy Extrasenseur
27%
Psy Force Cosmique
27%
Combat Forte-Paume
27%
Acier Fulmifer
27%
Normal Glas de Soin
27%
Normal Grimace
27%
Insecte Harcèlement
27%
Eau Hydromax
27%
Fée Ire de la Nature
27%
Normal Jackpot
27%
Acier Lancécrou
27%
Insecte Lumi-Queue
27%
Normal Photocopie
27%
Plante Phytomax
27%
Insecte Poudre Fureur
27%
Psy Psycho-Croc
27%
Feu Rebondifeu
27%
Normal Recyclage
27%
Ténèbres Saisie
27%
Plante Soucigraine
27%
Normal Souplesse
27%
Plante Tambour Battant
27%
Normal Ténacité
27%
Ténèbres Tricherie
27%
Psy Vague Psy
27%
Combat Vendetta
27%
Électrik Vif Éclair
27%
Roche Vif Roc
27%
Normal Doux Parfum
26%
Dragon Dracomax
26%
Poison Gaz Toxik
26%
Normal Normalomax
26%
Électrik Parabocharge
26%
Feu Pyromax
26%
Normal Ruse
26%
Normal Torgnoles
26%
Acier Aegis Maxima
25%
Poison Blockhaus
25%
Acier Bombe Aimant
25%
Normal Camouflage
25%
Dragon Canon Dynamax
25%
Normal Chant Antique
25%
Spectre Châtiment
25%
Normal Chatouille
25%
Eau Danse Aquatique
25%
Insecte Dard Mortel
25%
Eau Détrempage
25%
Spectre Esprit Frappeur
25%
Combat Flying Press
25%
Psy Force Ajoutée
25%
Normal Gigotage
25%
Spectre Halloween
25%
Roche Lithomax
25%
Spectre Rancune
25%
Spectre Spectromax
25%
Ténèbres Tourmente
25%
Sol Trépignement
25%
Dragon Vibrécaille
25%
Plante Vole-Force
25%
Normal Après Vous
24%
Vol Bec-Canon
24%
Combat Big Splash
24%
Acier Bouclier Royal
24%
Normal Clairvoyance
24%
Normal Croissance
24%
Électrik Électrikipik
24%
Ténèbres Évo-Ténébro
24%
Électrik Fulguromax
24%
Psy Gravité
24%
Normal Grobisou
24%
Glace Lance de Glace
24%
Normal Peignée
24%
Poison Piège de Venin
24%
Psy Possessif
24%
Électrik Roue Libre
24%
Combat Sacrifice
24%
Eau Tranch'Aqua
24%
Psy Zone Magique
24%
Normal Acupression
23%
Normal Air Veinard
23%
Acier Allègement
23%
Sol Amass'Sable
23%
Vol Babil
23%
Poison Bain de Smog
23%
Poison Bombe Acide
23%
Insecte Bond
23%
Normal Camaraderie
23%
Fée Canon Floral
23%
Fée Choc Émotionnel
23%
Eau Claquoir
23%
Combat Corps Perdu
23%
Psy Danse Lune
23%
Vol Double Volée
23%
Normal Essorage
23%
Fée Explo-Brume
23%
Ténèbres Explonuit
23%
Feu Feu Envieux
23%
Normal Flair
23%
Ténèbres Flatterie
23%
Feu Fouet de Feu
23%
Insecte Furie-Bond
23%
Roche Garde Large
23%
Acier Gladius Maximus
23%
Insecte Insectomax
23%
Psy Laser Prisme
23%
Fée Lumière du Néant
23%
Plante Maléfice Sylvain
23%
Sol Massd'Os
23%
Acier Miroi-Tir
23%
Roche Orage Adamantin
23%
Poison Purédpois
23%
Normal Queulonage
23%
Normal Rune Protect
23%
Normal Séduction
23%
Glace Souffle Glacé
23%
Normal Téra Explosion
23%
Combat Triple Flèche
23%
Acier Vœu Destructeur
23%
Psy Yoga
23%
Normal Danse Éveil
22%
Insecte Double Dard
22%
Électrik Double Décharge
22%
Dragon Dracacophonie
22%
Poison Éructation
22%
Eau Évo-Thalasso
22%
Sol Force Chtonienne
22%
Normal Force Nature
22%
Plante Gliss'Herbe
22%
Normal Implore
22%
Plante Magie Florale
22%
Acier Métallomax
22%
Eau Octazooka
22%
Électrik Plasma Punch
22%
Eau Poing Sonique
22%
Normal Presse
22%
Psy Psychomax
22%
Ténèbres Souvenir
22%
Normal Ten-Danse
22%
Eau Torrent de Coups
22%
Combat Ultime Bastion
22%
Plante Acide Malique
21%
Normal Attrition
21%
Eau Branchicrok
21%
Normal Change-Côté
21%
Normal Entrave
21%
Normal Façade
21%
Ténèbres Feinte
21%
Feu Lame en Peine
21%
Dragon Laser Infinimax
21%
Normal Mania
21%
Acier Métalaser
21%
Acier Métalliroue
21%
Normal Moi d'Abord
21%
Électrik Ondes Étranges
21%
Combat Projection
21%
Normal Régénération
21%
Combat Réveil Forcé
21%
Plante Tapotige
21%
Ténèbres Vagues à Lames
21%
Ténèbres Arrogance
20%
Psy Astuce Force
20%
Normal Balance
20%
Dragon Cri Draconique
20%
Feu Évo-Flambo
20%
Normal Frénésie
20%
Plante Massue Liane
20%
Combat Mawashi Geri
20%
Psy Photo-Geyser
20%
Ténèbres Poursuite
20%
Insecte Ravage Rampant
20%
Ténèbres Représailles
20%
Combat Tout ou Rien
20%
Vol Typhon Hivernal
20%
Psy Ailes Psycho
19%
Normal Assistance
19%
Feu Caboche-Kaboum
19%
Normal Célébration
19%
Sol Charge Os
19%
Psy Évo-Psycho
19%
Eau Fontaine de Vie
19%
Plante Force G
19%
Normal Force Poigne
19%
Normal Gardomax
19%
Roche Hache de Pierre
19%
Psy Lévikinésie
19%
Fée Nappage
19%
Normal Rayon Simple
19%
Combat Stratopercut
19%
Normal Affûtage
18%
Ténèbres Assurance
18%
Ténèbres Blocage
18%
Glace Chute de Neige
18%
Fée Crash Magique
18%
Glace Cryomax
18%
Combat Danse Victoire
18%
Plante Désherbaffe
18%
Eau Douche Froide
18%
Dragon Draco-Marteau
18%
Acier Écrous d'Poing
18%
Fée Enchantomax
18%
Ténèbres Exécu-Son
18%
Feu Flamme Ultime
18%
Spectre Hommage Posthume
18%
Feu Incendie
18%
Normal Larme à l'Œil
18%
Dragon Laser Hasard
18%
Normal Lire-Esprit
18%
Glace Marteau de Glace
18%
Psy Œil Miracle
18%
Électrik Prise de Bec
18%
Normal Prolifération
18%
Combat Pugilomax
18%
Dragon Rafale Écailles
18%
Normal Râle Mâle
18%
Roche Salaison
18%
Dragon Sanction Suprême
18%
Normal Second Souffle
18%
Électrik Voltageôle
18%
Combat Yama Arashi
18%
Plante Botte Sucrette
17%
Insecte Bulldoboule
17%
Ténèbres Cataclysme
17%
Ténèbres Cent Rancunes
17%
Spectre Cortège Funèbre
17%
Normal Coup Varia-Type
17%
Acier Dérapage
17%
Acier Estocorne
17%
Plante Évo-Écolo
17%
Psy Lame Psychique
17%
Normal Mains Jointes
17%
Ténèbres Passe-Passe
17%
Psy Permuforce
17%
Psy Permugarde
17%
Vol Pika-Piqué
17%
Électrik Pika-Sprint
17%
Combat Prévention
17%
Eau Symphonie des Ondines
17%
Psy TrouDimensionnel
17%
Feu Carapiège
16%
Poison Chaîne Malsaine
16%
Feu Crash Brûlant
16%
Combat Crash Musclé
16%
Fée Évo-Fabulo
16%
Électrik Fulgurayon
16%
Ténèbres Furie Dimension
16%
Spectre Hantise G-Max
16%
Eau Hydrovapeur
16%
Normal Hyperceuse
16%
Glace Laser Cryogénique
16%
Spectre Os Ombre
16%
Plante Pétalexplosion Éblouissante
16%
Normal Picanon
16%
Normal Pluie Térastrale
16%
Sol Sable Ardent
16%
Sol Sismomax
16%
Normal Turbo-Charge Bulldozer
16%
Électrik Turbo Volt
16%
Fée Vapeur Féérique
16%
Fée Verrou Enchanté
16%
Spectre Appel des Ombres Éternelles
15%
Plante Bombe au Sirop
15%
Feu Canon Blindé
15%
Dragon Charge Glaive
15%
Normal Évo-Chardasso
15%
Combat Joute Astrale
15%
Glace Neigeux de Mots
15%
Électrik Overdrive
15%
Électrik Pika-Fracas
15%
Eau Pika-Splash
15%
Normal Pilonnage
15%
Vol Piqué Supersonique
15%
Acier Ruée d'Or
15%
Poison Suc Digestif
15%
Ténèbres Trou Noir des Ombres
15%
Fée Typhon Passionné
15%
Sol Assaut Frontal
14%
Ténèbres Centrifugifle
14%
Normal Confidence
14%
Ténèbres Crash Obscur
14%
Psy Crève-Cœur
14%
Dragon Draco-Énergie
14%
Spectre Éclat Spectral
14%
Glace Évo-Congélo
14%
Électrik Évo-Dynamo
14%
Électrik Foudre G-Max
14%
Normal Garde-à-Joues
14%
Roche Goudronnage
14%
Normal Grand Nettoyage
14%
Fée Impact Choupinova
14%
Psy Lumino-Impact
14%
Acier Marteau Mastoc
14%
Combat Nitro Crash
14%
Psy Partage Force
14%
Psy Partage Garde
14%
Psy Permucœur
14%
Spectre Poing de Colère
14%
Ténèbres Punition
14%
Feu Pyro-Explosion Cataclysmique
14%
Fée Soin Floral
14%
Eau Super Tourbillon Abyssal
14%
Psy Synchropeine
14%
Fée Voix Envoûtante
14%
Eau Bulles G-Max
13%
Ténèbres Croque Fort
13%
Psy Échange Psy
13%
Électrik Électro-Surf Survolté
13%
Acier Lame Tachyonique
13%
Plante Mortier Matcha
13%
Psy Prière Lunaire
13%
Plante Selve Salvatrice
13%
Combat Coaching
12%
Poison Crash Toxique
12%
Plante Fouet G-Max
12%
Feu Fournaise G-Max
12%
Ténèbres Fureur Ardente
12%
Ténèbres Génusection
12%
Électrik Giga-Tonnerre
12%
Poison Griffes Funestes
12%
Poison Kokiyarme
12%
Roche Lame Puissante
12%
Normal Lune Rouge
12%
Psy Ondes G-Max
12%
Ténèbres Sinistromax
12%
Poison Toxinomax
12%
Eau Triple Plongeon
12%
Sol Typhon Pyrosable
12%
Normal Atout
11%
Normal Copie-Type
11%
Dragon Dracacophonie Flamboyante
11%
Électrik Électrisation
11%
Spectre Fauche-Âme des Sept Étoiles
11%
Sol Fertilisation
11%
Combat Frappe G-Max
11%
Spectre Fureur des Plumes Spectrales
11%
Feu Grand Courroux
11%
Électrik Monte-Tension
11%
Normal Passe-Cadeau
11%
Insecte Piège de Fil
11%
Dragon Plat du Jour
11%
Combat Prio-Parade
11%
Ténèbres Renversement
11%
Normal Techno Buster
11%
Électrik Typhon Fulgurant
11%
Électrik Choc G-Max
10%
Insecte Cocon Fatal
10%
Psy Dissonance Psy
10%
Normal Don Naturel
10%
Psy Double Laser
10%
Ténèbres Fourbette
10%
Normal Gare au Ronflex
10%
Insecte Nuée de Poudre
10%
Électrik Volt Assaut
10%
Normal Affilage
9%
Acier Ancrage
9%
Roche Apocalypse Gigalithique
9%
Fée Brume Capiteuse
9%
Normal Champlification
9%
Combat Coup Fulgurant
9%
Ténèbres Dark Body Press
9%
Électrik Déluge Plasmique
9%
Poison Fil Toxique
9%
Électrik Fulguro-Lance Gigavolt
9%
Plante Herblast
9%
Psy Imitation
9%
Psy Interversion
9%
Acier Mur Fumigène
9%
Normal Neuf pour Un
9%
Psy Permuvitesse
9%
Psy Reflet Magik
9%
Feu Rempart Brûlant
9%
Poison Toupie Éclat
9%
Psy Vaste Pouvoir
9%
Fée Vigilance
9%
Glace Bise Glaciaire
8%
Psy Extravaillance
8%
Plante Habanerage
8%
Combat Octoprise
8%
Combat Tatamigaeshi
8%
Acier Vrille Maximum
8%
Spectre Cœur de Rancœur
7%
Fée Colère du Gardien d'Alola
7%
Poison Gaz Corrosif
7%
Acier Hélio-Choc Dévastateur
7%
Électrik Magné-Contrôle
7%
Poison Multitoxik
7%
Poison Purification
7%
Feu Pyroball G-Max
7%
Psy Regard Glaçant
7%
Glace Résonance G-Max
7%
Normal Retenue
7%
Psy Sommation
7%
Normal Thérémonie
7%
Plante Troquenard
7%
Psy Apocalypsis Luminis
6%
Eau Canonnade G-Max
6%
Dragon Chaos Draconique
6%
Combat Combo Hyper-Furie
6%
Normal Décharnement
6%
Poison Déluge Causti-Toxique
6%
Acier Engrenage
6%
Sol Éruption Géo-Sismique
6%
Normal Étrennes
6%
Roche Hurlement des Roches-Lames
6%
Feu Indignition
6%
Plante Percussion G-Max
6%
Électrik Pikachute Foudroyante
6%
Psy Poudre Magique
6%
Vol Rafale G-Max
6%
Spectre Rayons Séléno-Explosifs
6%
Fée Sentence G-Max
6%
Normal Stimulant
6%
Psy Supernova Originelle
6%
Combat Talon-Marteau
6%
Roche Téphra G-Max
6%
Ténèbres Torpeur G-Max
6%
Dragon Usure G-Max
6%
Normal Câlin G-Max
5%
Feu Combustion G-Max
5%
Ténèbres Coup Final G-Max
5%
Fée Cure G-Max
5%
Normal Décalquage
5%
Sol Enlisement G-Max
5%
Acier Fonte G-Max
5%
Psy Force Mystique
5%
Eau Gâchette G-Max
5%
Insecte Illusion G-Max
5%
Eau Multicoup G-Max
5%
Normal Pactole G-Max
5%
Fée Patati-Patattrape
5%
Acier Percée G-Max
5%
Poison Pestilence G-Max
5%
Acier Pression Extrême
5%
Psy Psycho-Pulvérisation EX
5%
Eau Récif G-Max
5%
Normal Récolte G-Max
5%
Psy Sort Sinistre
5%
Ténèbres Vindicte
5%
Plante Corrosion G-Max
4%
Fée Garde Florale
4%
Plante Nectar G-Max
4%
Normal Projecteur
4%
Normal Taurogne
3%
Normal Échange Force
2%
Psy Sprint Bouclier
2%
Aucun quiz correspondant
Distribution des résultats
% des personnes avec chaque résultat
Percentile par nombre de réponses
Votre historique - résultats
Vous n’avez pas pris ce quiz depuis la dernière actualisation